000 01460cam a2200241 4500
001 WB3725-29
008 000000n2001 000 0 eng u
035 _a(Sirsi) u113337
245 _aAdverse possession: intention to possess
260 _c2001
490 _aEstates Gazette
_v[2001] 25 EG 157 (CS)
520 _a"Lambeth LBC v Blackburn", CA 14 June 2001. The defendant broke into and occupied council premises for over 12 years. The claimant council issued proceedings seeking possession of the property. The defendant claimed right of possession and title to property by adverse possession. The judge found that physical possession did not constitute an intention to possess. The defendant appealed contending his actions of breaking and replacing the council's padlock demonstrated an intention to possess. "Held", appeal allowed on the grounds that the defendant's intentions should be judged on his actions. Copy of judgement available on http://porch.ccta.gov.uk/courtser/judgements.nsf/Search/C47E7E1A7CC1611880256A7200331935?OpenDocument
590 _aWB
650 _aADVERSE POSSESSION
650 _aINTENTION
650 _aSQUATTERS
650 _aLAMBETH LBC V BLACKBURN
650 _aLAND REGISTRATION ACT 1925
650 _aLIMITATION ACT 1980
690 _aPROPERTY AND LAND LAW-CASE LAW
856 _uhttps://porch.ccta.gov.uk/courtser/judgements.nsf/Search/C47E7E1A7CC1611880256A7200331935?OpenDocument
942 _n0
999 _c67517
_d67517